000 00882nam a22002897a 4500
003 CHAP
005 20220329143724.0
008 110413s1967 enka r 00010 eng d
010 _a100935
011 _a101907
020 _a0582521831
035 _a112595
040 _cCHAP
082 0 4 _a428
_bT39
100 0 0 _aThornley, G. C.
_9112975
245 1 0 _aElementary scientific english practice
_c/por G. C. Thornley
260 _aLondres :
_bLongman,
_c1967
300 _a107 p. :
_bilus.
590 _aBATCH-UPD
_b10
_c20130110
_lUCH01
_h1758
590 _aBATCH-UPD
_b10
_c20130410
_lUCH01
_h1134
590 _aBATCH-UPD
_b10
_c20130914
_lUCH01
_h1642
590 _aCONVERSION
_b10
_c20130109
_lUCH01
_h1356
650 1 4 _aInglés
_xEstudio y enseñanza.
_958340
901 _aBK
942 _cLIBRO
949 _a428 T39
_bBC
_cLIBRO
_d33724002258652
_eLIBRO
_h114667
_i112595
_sb
_t$130.00
999 _c100935
_d100935